Vander's human physiology : (Record no. 11531)

MARC details
000 -LEADER
fixed length control field 00793nam a22002412 4500
001 - CONTROL NUMBER
control field 0000024357
005 - DATE AND TIME OF LATEST TRANSACTION
control field 20151217154509.0
008 - FIXED-LENGTH DATA ELEMENTS--GENERAL INFORMATION
fixed length control field 130909s xx 000 0 eng d
020 ## - INTERNATIONAL STANDARD BOOK NUMBER
International Standard Book Number 0071222154 :
040 ## - CATALOGING SOURCE
Original cataloging agency KABU
Transcribing agency KABU
100 1# - MAIN ENTRY--PERSONAL NAME
Personal name Widmaier, Eric P.
-- 0000181437
245 10 - TITLE STATEMENT
Title Vander's human physiology :
Remainder of title the mechanisms of the body /
Statement of responsibility, etc. Eric P. Widmaier, Hershel Raff, Kevin T. Strang.
250 ## - EDITION STATEMENT
Edition statement 12th ed.
260 ## - PUBLICATION, DISTRIBUTION, ETC. (IMPRINT)
Place of publication, distribution, etc. New York :
Name of publisher, distributor, etc. McGraw-Hill,
Date of publication, distribution, etc. 2008.
300 ## - PHYSICAL DESCRIPTION
Extent 1 v. (various paging) ;
650 #0 - SUBJECT ADDED ENTRY--TOPICAL TERM
Topical term or geographic name as entry element Human physiology.
-- 0000155597
700 1# - ADDED ENTRY--PERSONAL NAME
Personal name Raff, Hershel.
-- 0000181438
700 1# - ADDED ENTRY--PERSONAL NAME
Personal name Strang, Kevin T.
-- 0000181439
700 1# - ADDED ENTRY--PERSONAL NAME
Personal name Vander, Arthur J.
-- 0000184371
852 1# - LOCATION
-- p3819 KES
908 ## - PUT COMMAND PARAMETER (RLIN)
Put command parameter 130909
950 ## - LOCAL HOLDINGS (RLIN)
-- 1
Holdings
Withdrawn status Lost status Source of classification or shelving scheme Not for loan Home library Current library Date acquired Total Checkouts Total Renewals Full call number Barcode Date last seen Date last checked out Price effective from Koha item type
    Library of Congress Classification   Kabarak, Main Campus Kabarak, Main Campus 17/12/2015 57 3 QP34.5 .W53 2008 c. 1 016126 20/03/2024 20/02/2024 17/12/2015 General Collection
Designed with assistance from East African Informatics Ltd